The Chinese writing system in Asia : an interdisciplinary perspective /

Bibliographic Details
Main Author: Li, Yu, 1978- (Author)
Corporate Author: Taylor & Francis
Format: eBook
Language:English
Published: Abingdon, Oxon ; New York, NY : Routledge, 2020.
Subjects:
Online Access:Connect to the full text of this electronic book

MARC

Tag First Indicator Second Indicator Subfields
LEADER 00000cam a22000001i 4500
001 in00004133003
005 20200420141357.0
006 m |o d |
007 cr |n|||||||||
008 191230t20202020enka ob 001 0 eng d
020 |a 9780429345333 (electronic bk.) 
020 |a 042934533X (electronic bk.) 
020 |z 9781138907317 
020 |z 1138907316 
020 |z 9781138907324 
020 |z 1138907324 
024 8 |a 40029616127 
035 |a (NhCcYBP)ybp16255802 
040 |a NhCcYBP  |c NhCcYBP  |d UtOrBLW 
043 |a a------ 
050 4 |a PL1171  |b .L387 2020 
082 0 4 |a 495.11/1  |2 23 
100 1 |a Li, Yu,  |d 1978-  |e author.  |0 http://id.loc.gov/authorities/names/no2019109523 
245 1 4 |a The Chinese writing system in Asia :  |b an interdisciplinary perspective /  |c Yu Li. 
264 1 |a Abingdon, Oxon ;  |a New York, NY :  |b Routledge,  |c 2020. 
264 4 |c ©2020 
300 |a 1 online resource. 
336 |a text  |b txt  |2 rdacontent 
337 |a computer  |b c  |2 rdamedia 
338 |a online resource  |b cr  |2 rdacarrier 
504 |a Includes bibliographical references and index. 
588 |a Description based on print version record. 
500 |a Electronic resource. 
650 0 |a Chinese characters  |z Asia. 
655 7 |a Electronic books.  |2 local 
710 2 |a Taylor & Francis.  |0 http://id.loc.gov/authorities/names/n84073022 
776 1 8 |i Online version:  |a Li, Yu, 1978-  |t Chinese writing system in Asia.  |d Abingdon, Oxon : New York, NY : Routledge, 2020  |z 9780429345333  |w (DLC) 2019025054 
776 1 8 |c Original  |z 9781138907317  |z 1138907316  |z 9781138907324  |z 1138907324  |w (DLC) 2019025053 
856 4 0 |u http://proxy.library.tamu.edu/login?url=https://www.taylorfrancis.com/books/9780429345333  |z Connect to the full text of this electronic book  |t 0 
955 |a YBP purchased approval e-records 
980 |b 165.00  |g 1 
999 f f |s 845899d6-4d68-3fe0-8c3e-a844af1c5e3b  |i e43176ca-0639-3e40-90b5-40a3de8ebb8d  |t 0 
952 f f |a Texas A&M University  |b College Station  |c Electronic Resources  |d Available Online  |t 0  |e PL1171 .L387 2020  |h Library of Congress classification 
998 f f |a PL1171 .L387 2020  |t 0  |l Available Online